[Event "Konyaalti Open-A 2019"]
[Site "Konyaalti"]
[Date "2019.11.18"]
[Round "2.5"]
[White "Gokerkan, Cem Kaan"]
[Black "Burcu, Cagatay"]
[Result "1-0"]
[WhiteElo "2452"]
[BlackElo "2331"]
[Annotator "TA"]
[PlyCount "203"]
[EventDate "2019.11.20"]
[EventType "swiss"]
[EventCountry "TUR"]
[SourceTitle "playchess.com"]
[Source "ChessBase"]
[SourceQuality "1"]

{[%evp 9,203,-11,-13,-11,-10,-18,-20,-14,-14,-20,0,0,0,0,0,0,0,0,38,31,60,54,67,62,60,62,77,79,72,80,67,65,69,100,116,76,76,60,60,58,75,43,43,31,24,31,30,21,27,24,44,14,89,0,0,0,0,0,73,40,64,-60,70,76,195,194,202,194,183,0,6,0,79,27,128,123,133,0,133,130,119,21,29,0,0,0,0,0,0,24,101,0,0,0,0,0,0,0,0,0,106,109,196,127,127,127,581,581,808,689,5373,5656,2735,1666,29971,29972,29970,29971,29965,0,5831,1214,29969,1079,29967,29968,29959,12401,29968,4758,29966,1794,29971,29972,29972,4372,29975,29965,29965,29963,29965,29964,29966,29969,29970,29971,29970,29972,29972,29972,29966,29967,29973,510,29978,29975,29976,29976,29976,29975,29976,29974,29976,0,29977,29972,29978,29979,29977,29975,29975,29974,29975,4134,29949,0,29962,0,2826,1156,29978,29979,29979,29980,29980,29978,29982,29983,29983,29984,29984,29985,29985,29982,29983,29983]} 1. e4 e6 2. d4 d5 3. Nc3 Nf6 4. e5 Nfd7 5. Qg4 c5 6. Nb5 {C11: French: Classical System: 4 e5 and 4 Bg5 dxe4} cxd4 7. Nf3 Nc6 8. Bf4 $1 {The position is equal.} a6 9. Nbxd4 Nxd4 10. Nxd4 h5 $146 ({Predecessor:} 10... Qc7 11. Qg3 Nc5 12. O-O-O b5 13. Kb1 Bb7 14. Bd3 {1-0 (36) Shomoev,A (2574)-Looshnikov,N (2480) Vladivostok 2014}) 11. Qg3 {aiming for Nxe6!} Nc5 12. Bd3 Nxd3+ 13. cxd3 Bb4+ 14. Ke2 Kf8 15. Rhc1 Be7 16. Rc2 Bd7 17. Rac1 Rc8 18. Rxc8 Bxc8 19. h4 Bd7 20. Bg5 f6 21. Bf4 Qb6 22. Be3 {Strongly threatening exf6.} Kf7 ({Reject} 22... Qxb2+ 23. Rc2 $18) 23. Nb3 (23. b3 $5 {[%cal Rd4f5]} Qd8 24. Nf3 $14 (24. exf6 gxf6 25. Qf3 Bd6 $11)) 23... Qd8 24. Bc5 Bc6 25. Qf4 Bxc5 26. Rxc5 Qb8 27. d4 Bb5+ 28. Ke3 b6 29. Rc1 Re8 30. Qf3 (30. g4 $5 {[%cal Rg4h5]}) 30... Kg6 (30... Rh8 $11) 31. Rc3 (31. exf6 $1 $16 gxf6 32. g4) 31... Rc8 $11 32. Kd2 Rxc3 33. Qxc3 fxe5 (33... Qf8 $11) 34. Qg3+ Kf7 35. Qxe5 (35. dxe5 $14 Qd8 36. a3) 35... Qh8 (35... Qxe5 $15 36. dxe5 Bc4) 36. Qc7+ $14 Kf6 (36... Kg6 $16) 37. Qxb6 $18 Qh6+ 38. Kc3 Qf4 39. Qd8+ $2 (39. Nc5 $18 {[%csl Gc5][%cal Rb6e6]} Qc1+ 40. Kb3) 39... Kf7 $11 40. f3 Qe3+ (40... Bf1 $11) 41. Kb4 $16 Bf1 (41... Bc4 $11) 42. Qd7+ Kf6 43. Qd8+ Kf7 $1 44. Qc7+ $1 Kf6 45. Qg3 (45. g4 $16) 45... Bc4 $11 46. Kc5 Bxb3 47. axb3 Qxb3 {[%mdl 4096] Endgame ...Qb5+ is the strong threat. KQ-KQ} 48. Qg5+ Kf7 49. Qxh5+ Kf8 (49... Ke7 $11 {remains equal.} 50. Qg5+ {[%mdl 64] Double Attack} Kf7) 50. Kd6 (50. Qe5 $1 $16) 50... Qxb2 51. Kxe6 {[%cal Rh5h8]} Qb6+ 52. Ke5 {And now Qh8+ would win.} Qc7+ 53. Kf5 Qc2+ 54. Kf4 Qc7+ (54... Qc1+ $11 {keeps the balance.} 55. Kg4 Qc8+ 56. Kg3 Qc7+ 57. f4 Qc6) 55. Qe5 $16 Qd8 {[#]} (55... Qf7+ $16 56. Kg3 Qb7) 56. Qf5+ ({Better is} 56. g4 $1 $18) 56... Kg8 {[#]} 57. Qe6+ $1 Kf8 $2 {[%mdl 8192]} (57... Kh7 $16 {is more resistant.}) 58. Qxa6 $18 Qxh4+ 59. g4 Qh2+ 60. Kf5 Qh7+ 61. Ke5 Qh3 62. Qc8+ Ke7 63. Qc7+ Ke8 64. Qc8+ (64. Qxg7 $142 Qf1 65. Qg8+ Ke7 66. Qe6+ Kd8 67. Qxd5+ Kc7 68. g5 Kb6 69. g6 Qe1+ 70. Qe4) 64... Ke7 $1 {If only Black now had time for ...Qg3+....} 65. Qe6+ (65. Qb7+ $142 Kf8 66. Qc8+ Kf7 67. Qd7+ Kf8 68. Qd8+ Kf7 69. Qxd5+ Kf8 70. Qd8+ Kf7 71. Qd7+ Kf8 72. Qc8+ Ke7 73. Qe6+ Kd8 74. Qg8+ {[%mdl 64] Double Attack} Kd7 75. Qxg7+ Kc6 76. Qf6+ Kb5 77. g5) 65... Kf8 66. Qf5+ (66. Kd6 $142 Qh4 67. Kc6 g6 68. Qxg6 Qf2 69. Qd6+ Kg7 70. Qe5+ Kg6 71. Qxd5) 66... Kg8 67. Kxd5 Qf1 68. Qe6+ (68. Kc5 $142 Qg1 69. Qd5+ Kh7 70. Qe4+ Kg8 71. Kd6 Qa1 72. Qe6+ Kh7 73. d5 Qa3+ 74. Kd7 Qa7+ 75. Kc6 Qa6+ 76. Kc5 Qa7+ 77. Kb5 Qb8+ 78. Kc5 Qa7+ 79. Kb4) 68... Kh8 69. Qe8+ Kh7 70. Qe4+ (70. g5 $142 Qa6 71. Qe4+ Kh8 72. g6 Qa5+ 73. Kc4 Qa6+ 74. Kb3 Qb5+ 75. Kc3 Qa5+ 76. Kc2 Qa2+ 77. Kd3 Qb1+ 78. Ke2 Qb2+ 79. Ke3 Qa3+ 80. Kf2 Qb2+ 81. Kg3 Qb8+ 82. Qe5) 70... Kh8 71. Ke5 Qb5+ 72. Kf4 (72. d5 $142 Qe8+ 73. Kf4 Qf8+ 74. Kg3 Qc5 75. Qe6 Qc1 76. Kh4 Kh7 77. d6 Qh1+ 78. Kg5 Qc1+ 79. f4) 72... Qc4 73. Qe8+ Kh7 74. Qh5+ Kg8 75. Qc5 Qa6 76. Qd5+ Kh8 77. Qh5+ Kg8 78. Qe8+ Kh7 79. Qe4+ Kh8 80. d5 Qf6+ 81. Kg3 (81. Qf5 $142 Qh6+ 82. Ke4 Qd2 83. Qe5 Qc2+ 84. Kf4 Qc1+ 85. Kf5 Qb1+ 86. Kg5) 81... Qa1 (81... g5 $18 82. Qf5 Qe7) 82. Qe8+ Kh7 83. Qe3 Qd1 84. Qe4+ Kh8 85. Qe8+ Kh7 86. Qe4+ Kh8 $1 87. Kf4 Qd2+ 88. Kf5 Qh6 89. Qe8+ Kh7 90. Ke4 Qd2 91. Qh5+ (91. Qe6 $142 Qb2 92. Kf5 Qb5 93. Qe5 Qd7+ 94. Kf4 Kh8 95. Qe6 Qa4+ 96. Kg3) 91... Kg8 92. Qe8+ Kh7 93. Qh5+ (93. Qe5 $142 Qc2+ 94. Kf4 Qc1+ 95. Kf5 Qc8+ 96. Qe6 Qf8+ 97. Kg5 Qd8+ 98. Kh5) 93... Kg8 94. Qe5 (94. Qf5 $142 Qb4+ 95. Ke3) 94... Qe2+ 95. Kf4 {White mates.} Qh2+ 96. Kf5 Qc2+ 97. Qe4 Qc3 98. g5 Kf8 99. Kg6 Qc7 100. Qf5+ Ke8 101. Kh7 Qg3 102. Kg8 {Accuracy: White = 56%, Black = 38%.} 1-0

[Event "Konyaalti Open-A 2019"]
[Site "Konyaalti"]
[Date "2019.11.18"]
[Round "2.6"]
[White "Kamer, Kayra"]
[Black "Gadimbayli, Abdulla"]
[Result "1/2-1/2"]
[WhiteElo "2329"]
[BlackElo "2447"]
[Annotator "TA"]
[PlyCount "98"]
[EventDate "2019.11.20"]
[EventType "swiss"]
[EventCountry "TUR"]
[SourceTitle "playchess.com"]
[Source "ChessBase"]
[SourceQuality "1"]

{[%evp 22,98,37,44,60,61,57,59,63,43,51,24,39,41,83,79,93,85,94,75,68,68,66,61,65,47,50,48,48,57,68,66,72,32,44,45,41,37,34,27,53,25,57,51,54,25,13,23,22,20,41,10,37,49,66,18,18,18,19,18,18,19,21,14,21,21,21,21,21,21,21,3,3,3,3,3,3,3,3]} 1. e4 c5 2. Nf3 a6 3. c3 d5 4. exd5 Qxd5 5. d4 e6 6. Bd3 Nf6 7. Be3 cxd4 8. cxd4 Be7 9. Nc3 Qd8 10. O-O Nc6 11. a3 O-O 12. Rc1 Bd7 {B22: Sicilian: 2 c3} (12... Nd5 13. Nxd5 Qxd5 14. Qc2 Qh5 15. Qb3 Bd6 16. Be4 Rb8 17. Rfd1 Bd7 18. h3 Ne7 19. Ng5 h6 20. Bf3 {0-1 (43) Nakar,E (2441)-Drozdowski,K (2485) Irving 2019}) 13. Bb1 Nd5 $146 ({Predecessor:} 13... Rc8 14. Qd3 g6 15. Ba2 b5 16. Bh6 Re8 17. Ne4 Nxe4 18. Qxe4 Bf6 19. Rfd1 Ne7 20. Ne5 {1-0 (52) Schmider,N (2240)-Richter,N (2045) Willingen 2018}) 14. Nxd5 exd5 {White is slightly better.} 15. Ne5 Bf6 16. Qf3 Bxe5 17. dxe5 d4 18. Bf4 Qh4 19. Bg3 Qg4 20. Qxg4 (20. Qb3 {is more complex.} Be6 21. Qxb7 Na5 22. Qb4 Nb3 23. f3) 20... Bxg4 21. f3 Be6 22. Rfd1 Rfd8 23. Rc5 Rd5 24. Rxd5 Bxd5 25. f4 Rd8 26. Bh4 Rd7 27. Bf2 Bb3 28. Rd2 h6 29. Bf5 Be6 30. Bd3 Bb3 31. Kf1 Rd8 32. Ke2 Na5 33. Be4 Bc4+ 34. Kf3 Nb3 35. Rd1 b5 36. g4 a5 37. f5 a4 38. h4 d3 {The position is equal.} 39. Bb6 Rd7 $1 40. g5 hxg5 41. hxg5 d2 42. Ke3 g6 43. fxg6 fxg6 44. Bxg6 Rg7 45. Bc2 {Hoping for Bd8.} Rxg5 46. Bxb3 Bxb3 47. Rxd2 Rxe5+ 48. Kd4 Rd5+ 49. Kc3 Rxd2 {Accuracy: White = 47%, Black = 52%.} 1/2-1/2

[Event "Konyaalti Open-A 2019"]
[Site "Konyaalti"]
[Date "2019.11.18"]
[Round "2.7"]
[White "Ozen, Deniz"]
[Black "Solozhenkina, Elizaveta"]
[Result "1/2-1/2"]
[WhiteElo "2422"]
[BlackElo "2314"]
[Annotator "TA"]
[PlyCount "82"]
[EventDate "2019.11.20"]
[EventType "swiss"]
[EventCountry "TUR"]
[SourceTitle "playchess.com"]
[Source "ChessBase"]
[SourceQuality "1"]

{[%evp 16,82,6,0,0,0,17,4,14,0,0,0,0,-65,-51,-226,-212,-290,-275,-281,-283,-283,-290,-270,-279,-287,-281,-254,-268,-267,-231,-366,-365,-364,-355,-347,-340,-524,-362,-493,-482,-479,-295,-364,-363,-424,-253,-233,0,0,0,0,94,84,314,295,260,267,214,0,0,0,0,0,0,0,0,0,0]} 1. e4 c6 2. d4 d5 3. Nc3 dxe4 4. Nxe4 Bf5 5. Ng3 Bg6 6. Nh3 e6 7. Nf4 Bd6 8. Bc4 Nf6 9. c3 Qc7 {B18: Classical Caro-Kann: 4...Bf5 sidelines} 10. Qf3 Nbd7 11. O-O c5 12. dxc5 Bxc5 13. Bb3 O-O-O 14. Nxg6 ({White should play} 14. Qe2 $11) 14... hxg6 $15 15. Re1 $2 {[#]} (15. Bf4 $15 e5 16. Bg5) (15. Bf4 e5 16. Be3 e4 17. Qe2 Bxe3 18. Qxe3 Rxh2 19. Rfd1 Rdh8 20. Qxa7 e3 21. Qxe3 Ng4 {0-1 (21) Zherebukh,Y (2605)-Nakamura,H (2793) Saint Louis 2017}) 15... Rxh2 $146 {[%mdl 512]} ({Predecessor:} 15... Rh4 16. Bg5 Rg4 17. Be3 {½-½ (69) Kurmann,O (2481)-Can,E (2604) Heraklio 2017}) 16. Kxh2 Bxf2 $1 {[%mdl 64] Deflection, Decoy} 17. Qxf2 Ng4+ {[%mdl 64] Double Attack} 18. Kg1 Nxf2 19. Kxf2 Ne5 $1 {[%cal Re5d3]} 20. Rxe5 Qxe5 21. Be3 f5 {...f4! is the strong threat.} (21... Rd3 22. Re1 $17) 22. Nf1 Qf6 23. Re1 (23. Bxa7 $142 e5 24. a4) 23... e5 24. Kg1 g5 25. Bf2 {If White can now play Ne3 this consolidates a bit.} g4 26. Ng3 (26. Re2 $142) 26... g6 27. a4 Rd2 28. Bc4 Qh8 29. Nf1 Rxb2 30. Rd1 Kb8 (30... Qf6 $142 {White must now prevent ...f4.} 31. Bb5 a6 32. Bd7+ Kb8) 31. Bc5 {Threatening Bd6+.} b5 $2 ({Better is} 31... Qe8 $19 {And now ...a6 would win.} 32. Bb5 Qc8 33. Bd6+ Ka8) 32. axb5 $11 {aiming for Rd7.} f4 {Hoping for ...f3.} 33. Bd6+ Kb7 {[#]} (33... Kc8 $1 $11) 34. Ba3 $1 $16 Rxg2+ $2 ({Don't play} 34... Rc2 $6 35. Rd7+ Kc8 36. Rf7 $11) (34... Qc8 $16 {was called for.} 35. Bd5+ Kb6) 35. Kxg2 $18 Qh3+ 36. Kg1 Qxc3 {[#]} 37. Rd7+ $2 ({White must play} 37. Bd5+ $1 $18 Kb6 38. Be7) 37... Kb6 $1 $11 {The position is equal.} 38. Rd6+ {[%mdl 64] Double Attack} Kb7 39. Rd7+ $1 (39. Bd5+ Kb8 $17) 39... Kb6 $1 40. Rd6+ {[%mdl 64] Double Attack} Kb7 41. Rd7+ $1 ({Don't go for} 41. Bd5+ $2 Kb8 $19) 41... Kb6 $1 {Accuracy: White = 55%, Black = 68%.} 1/2-1/2

[Event "Konyaalti Open-A 2019"]
[Site "Konyaalti"]
[Date "2019.11.18"]
[Round "2.8"]
[White "Cakir, Ege"]
[Black "Mammadov, Zaur"]
[Result "0-1"]
[WhiteElo "1847"]
[BlackElo "2421"]
[Annotator "TA"]
[PlyCount "142"]
[EventDate "2019.11.20"]
[EventType "swiss"]
[EventCountry "TUR"]
[SourceTitle "playchess.com"]
[Source "ChessBase"]
[SourceQuality "1"]

{[%evp 14,142,14,16,28,0,4,-71,-67,-62,-77,-60,-57,-78,-81,-75,-65,-77,-32,-20,0,-66,-70,-71,-68,-80,-80,-111,-113,-102,-101,-100,-79,-79,-79,-77,-78,-79,-85,-86,-86,-87,-81,-86,-82,-93,-98,-101,-106,-129,-125,-125,-128,-178,-168,-164,-142,-163,-154,-159,-88,-106,-105,-164,-164,-197,-195,-291,-287,-324,-312,-302,-272,-293,-209,-235,-147,-194,-131,-287,-284,-284,-257,-280,-258,-272,-258,-334,-335,-345,-309,-609,-480,-1310,-1093,-1876,-1931,-1719,-1338,-1833,-1743,-1741,-580,-5496,-4939,-5632,-5375,-29966,-29965,-29966,-29969,-29970,-29973,-29971,-29972,-29969,-29972,-29972,-29972,-29968,-29970,-29976,-29977,-29978,-29979,-29979,-29980,-29979,-29978,-29989,-29990]} 1. d4 c5 2. dxc5 Nf6 3. Nf3 g6 4. g3 Bg7 5. Bg2 O-O 6. O-O Na6 7. c4 Nxc5 8. Nc3 d6 {A49: 1 d4 Nf6 2 Nf3 g6 3 g3: Anti-King's Indian systems} (8... b6 9. Nd4 Bb7 10. Bxb7 Nxb7 11. b3 d5 12. cxd5 Nxd5 13. Bb2 Nxc3 14. Bxc3 Rc8 15. Bb2 Qd7 16. e3 {½-½ (54) Paravyan,D (2634)-Jones,G (2682) St Petersburg 2018}) 9. Nd2 a5 10. Nde4 $146 (10. Nb3 $11 {remains equal.}) ({Predecessor:} 10. Rb1 Bf5 11. e4 {½-½ (40) Chereches,M (2338)-Butunoi,A (2374) Arad 2007}) 10... Nfxe4 {Black is better.} 11. Nxe4 Nxe4 12. Bxe4 Qc7 13. Bd3 Bh3 14. Re1 Qc6 $36 {[%csl Gh3][%cal Rc6g2][%mdl 2048] Black fights for an advantage.} 15. e4 a4 16. Rb1 Be6 17. b3 (17. Be3 $11) 17... axb3 $15 18. axb3 Ra2 19. Bd2 Rfa8 20. Bf1 Bd4 21. Qc1 R8a3 22. Bd3 Bg4 23. Be3 Qb6 24. Bxd4 Qxd4 {[%mdl 64] Double Attack} 25. Qe3 Qxe3 26. Rxe3 Rd2 27. Bf1 Raa2 28. f3 Be6 29. h4 Kg7 30. Rbe1 Ra3 31. b4 Rxe3 32. Rxe3 $17 {[%mdl 4096] Endgame KRB-KRB} Rc2 33. e5 Bxc4 34. exd6 exd6 35. Bxc4 Rxc4 $19 {KR-KR} 36. Rd3 Rc6 (36... b5 $142 37. Rxd6 Rxb4) 37. Kf2 Kf6 38. Ke3 (38. Rd5 $17) 38... Ke6 39. Rd4 Rc3+ 40. Ke4 (40. Kf2 $142) 40... b5 41. g4 f6 42. h5 gxh5 43. gxh5 Rc4 44. h6 Rc1 45. Ke3 {[#]} f5 (45... Rc3+ $1 $19 46. Kf2 Rc4) 46. Rh4 $2 (46. Rd2 $17) 46... Rc3+ 47. Kf2 Rc4 48. Rh1 Rxb4 49. Re1+ {[#]} Kf6 $1 50. Rd1 Ke5 51. Re1+ Kf4 {Threatens to win with ...Rb2+.} 52. Re7 $2 (52. Kg2 Rb2+ 53. Kh3) 52... Rb2+ 53. Ke1 (53. Kg1 $142 Kxf3 54. Rxh7 Rg2+ 55. Kf1) 53... Rh2 54. Rxh7 Kxf3 55. Rf7 f4 56. h7 d5 57. Kd1 d4 (57... b4 $142 58. Re7 Kg4) 58. Rd7 Ke3 59. Re7+ Kd3 60. Ke1 b4 {Black mates.} 61. Rb7 f3 62. Kf1 Ke3 {[%cal Rh2h1]} 63. Re7+ Kd2 64. Kg1 Rh3 65. Kf2 b3 66. Rb7 d3 67. Rxb3 Rxh7 68. Kxf3 Rf7+ 69. Ke4 Ke2 70. Kd4 d2 71. Re3+ Kf2 {Accuracy: White = 31%, Black = 77%.} 0-1

[Event "Konyaalti Open-A 2019"]
[Site "Konyaalti"]
[Date "2019.11.18"]
[Round "2.9"]
[White "Yurtseven, Melih"]
[Black "Suzan, Ufuk"]
[Result "0-1"]
[WhiteElo "2388"]
[BlackElo "1823"]
[Annotator "RC"]
[PlyCount "190"]
[EventDate "2019.11.20"]
[EventType "swiss"]
[EventCountry "TUR"]
[SourceTitle "playchess.com"]
[Source "ChessBase"]
[SourceQuality "1"]
[TimeControl "5400+30"]

1. Nf3 {[%emt 0:03:30]} Nf6 {[%emt 0:00:30]} 2. g3 {[%emt 0:00:00]} g6 {[%emt 0:00:30]} 3. b3 {[%emt 0:00:00]} Bg7 {[%emt 0:00:30]} 4. Bb2 {[%emt 0:00:30]} d6 {[%emt 0:00:30]} 5. Bg2 {[%emt 0:00:30]} e5 {[%emt 0:00:30]} 6. c4 {[%emt 0:00:00]} Nc6 {[%emt 0:01:30]} 7. O-O {[%emt 0:00:00]} O-O {[%emt 0:01:30]} 8. Nc3 {[%emt 0:03:30]} Ne8 {[%emt 0:06:30]} 9. e3 {[%emt 0:02:30]} f5 {[%emt 0:00:30]} 10. d4 {[%emt 0:00:00]} e4 {[%emt 0:01:30]} 11. Ne1 {[%emt 0:00:00]} Ne7 {[%emt 0:08:30]} 12. f3 {[%emt 0:09:30]} exf3 {[%emt 0:01:30]} 13. Nxf3 {[%emt 0:01:30]} Nf6 {[%emt 0:01:30]} 14. d5 {[%emt 0:01:30]} Ng4 {[%emt 0:05:30]} 15. Qd2 {[%emt 0:02:30]} Bd7 {[%emt 0:05:30]} 16. Rae1 {[%emt 0:00:30]} a5 {[%emt 0:04:30]} 17. Kh1 {[%emt 0:03:30]} a4 {[%emt 0:01:30]} 18. Nxa4 {[%emt 0:01:30]} Bxa4 {[%emt 0:00:30]} 19. Bxg7 {[%emt 0:00:30]} Kxg7 {[%emt 0:00:30]} 20. bxa4 {[%emt 0:00:00]} Kg8 {[%emt 0:06:30]} 21. a5 {[%emt 0:01:00]} c5 {[%emt 0:04:30]} 22. dxc6 {[%emt 0:01:30]} Nxc6 {[%emt 0:01:30]} 23. e4 {[%emt 0:25:30]} Rxa5 {[%emt 0:04:30]} 24. Ng5 {[%emt 0:03:30]} Qd7 {[%emt 0:07:30]} 25. h3 {[%emt 0:08:30]} Nge5 {[%emt 0:00:30]} 26. exf5 {[%emt 0:03:30]} gxf5 {[%emt 0:04:30]} 27. Ne6 {[%emt 0:04:30]} Qxe6 {[%emt 0:05:30]} 28. Bd5 {[%emt 0:04:35]} Rxd5 {[%emt 0:00:30]} 29. cxd5 {[%emt 0:00:25]} Qd7 {[%emt 0:03:30]} 30. dxc6 {[%emt 0:00:30]} Qxc6+ {[%emt 0:01:30]} 31. Qg2 {[%emt 0:00:30]} Ra8 {[%emt 0:02:01]} 32. Re2 {[%emt 0:05:26]} Ra3 {[%emt 0:00:56]} 33. Qxc6 {[%emt 0:04:47]} bxc6 {[%emt 0:01:05]} 34. Rxf5 {[%emt 0:00:10]} c5 {[%emt 0:03:06]} 35. Rd2 {[%emt 0:01:44]} Nc4 {[%emt 0:00:43]} 36. Rg5+ {[%emt 0:02:49]} Kf7 {[%emt 0:00:34]} 37. Rf2+ {[%emt 0:06:20]} Ke6 {[%emt 0:00:25]} 38. h4 {[%emt 0:01:01]} d5 {[%emt 0:01:30]} 39. Rff5 {[%emt 0:01:03]} Ne3 {[%emt 0:01:30]} 40. Re5+ {[%emt 0:00:27]} Kd6 {[%emt 0:00:20]} 41. Re8 {[%emt 0:00:15]} c4 {[%emt 0:00:24]} 42. h5 {[%emt 0:00:35]} c3 {[%emt 0:01:09]} 43. Rxe3 {[%emt 0:00:36]} c2 {[%emt 0:00:02]} 44. Re1 {[%emt 0:00:12]} Rd3 {[%emt 0:00:19]} 45. Rf5 {[%emt 0:01:01]} Rd1 {[%emt 0:00:55]} 46. Rff1 {[%emt 0:00:00]} Rxe1 {[%emt 0:01:33]} 47. Rxe1 {[%emt 0:00:00]} d4 {[%emt 0:00:25]} 48. Kg2 {[%emt 0:00:24]} d3 {[%emt 0:00:30]} 49. Re3 {[%emt 0:00:35]} c1=Q {[%emt 0:00:30]} 50. Rxd3+ {[%emt 0:00:37]} Ke5 {[%emt 0:00:30]} 51. Rf3 {[%emt 0:00:38]} Qg5 {[%emt 0:00:30]} 52. Rf4 {[%emt 0:00:35]} Qxh5 {[%emt 0:00:30]} 53. a4 {[%emt 0:00:38]} Qe2+ {[%emt 0:02:01]} 54. Kg1 {[%emt 0:00:10]} Qc2 {[%emt 0:00:00]} 55. Kh1 {[%emt 0:00:35]} Qc6+ {[%emt 0:01:12]} 56. Kg1 {[%emt 0:00:13]} Qh6 {[%emt 0:00:33]} 57. Kg2 {[%emt 0:00:02]} Qh5 {[%emt 0:00:45]} 58. a5 {[%emt 0:02:04]} Qe2+ {[%emt 0:00:46]} 59. Kh3 {[%emt 0:00:29]} Qe1 {[%emt 0:02:43]} 60. Rh4 {[%emt 0:00:29]} Qf1+ {[%emt 0:01:15]} 61. Kh2 {[%emt 0:00:18]} Qf2+ {[%emt 0:00:04]} 62. Kh3 {[%emt 0:00:04]} Qg1 {[%emt 0:01:40]} 63. Kg4 {[%emt 0:01:08]} Ke4 {[%emt 0:02:42]} 64. Kg5+ {[%emt 0:00:32]} Kf3 {[%emt 0:00:09]} 65. Rf4+ {[%emt 0:00:12]} Ke3 {[%emt 0:00:02]} 66. Kg4 {[%emt 0:00:45]} h5+ {[%emt 0:00:44]} 67. Kxh5 {[%emt 0:00:28]} Qxg3 {[%emt 0:00:06]} 68. Rf5 {[%emt 0:00:14]} Ke4 {[%emt 0:00:43]} 69. Rg5 {[%emt 0:00:20]} Qd6 {[%emt 0:01:10]} 70. Rg4+ {[%emt 0:00:15]} Kf3 {[%emt 0:00:36]} 71. Rg5 {[%emt 0:01:00]} Qe6 {[%emt 0:00:13]} 72. Rg6 {[%emt 0:00:45]} Qe8 {[%emt 0:00:29]} 73. Kg5 {[%emt 0:00:28]} Qe5+ {[%emt 0:00:12]} 74. Kh6 {[%emt 0:00:11]} Qxa5 {[%emt 0:00:05]} 75. Rf6+ {[%emt 0:00:17]} Ke4 {[%emt 0:00:20]} 76. Kg6 {[%emt 0:00:11]} Qd5 {[%emt 0:00:10]} 77. Rf7 {[%emt 0:00:47]} Qe5 {[%emt 0:00:34]} 78. Rf6 {[%emt 0:00:18]} Qe8+ {[%emt 0:00:10]} 79. Kg7 {[%emt 0:00:20]} Ke5 {[%emt 0:00:42]} 80. Rf7 {[%emt 0:00:21]} Qe6 {[%emt 0:00:33]} 81. Kg8 {[%emt 0:00:38]} Qh6 {[%emt 0:01:08]} 82. Re7+ {[%emt 0:00:28]} Kd6 {[%emt 0:00:06]} 83. Rf7 {[%emt 0:00:21]} Qh5 {[%emt 0:01:40]} 84. Rh7 {[%emt 0:01:24]} Qe8+ {[%emt 0:00:29]} 85. Kg7 {[%emt 0:00:01]} Ke6 {[%emt 0:00:54]} 86. Rh6+ {[%emt 0:00:21]} Ke5 {[%emt 0:00:21]} 87. Rf6 {[%emt 0:01:00]} Qe7+ {[%emt 0:00:23]} 88. Rf7 {[%emt 0:00:04]} Qg5+ {[%emt 0:00:04]} 89. Kh8 {[%emt 0:01:16]} Ke6 {[%emt 0:01:50]} 90. Rh7 {[%emt 0:00:36]} Kf6 {[%emt 0:01:30]} 91. Rc7 {[%emt 0:00:29]} Qh5+ {[%emt 0:00:58]} 92. Kg8 {[%emt 0:00:04]} Qe8+ {[%emt 0:00:50]} 93. Kh7 {[%emt 0:00:02]} Qe4+ {[%emt 0:00:03]} 94. Kg8 {[%emt 0:00:22]} Qg2+ {[%emt 0:00:26]} 95. Kf8 {[%emt 0:00:49]} Qa8+ {[%emt 0:00:30]} 0-1

[Event "Konyaalti Open-A 2019"]
[Site "Konyaalti"]
[Date "2019.11.18"]
[Round "2.10"]
[White "Tum, Hakan"]
[Black "Solozhenkin, Evgeniy"]
[Result "0-1"]
[WhiteElo "1820"]
[BlackElo "2387"]
[Annotator "RC"]
[PlyCount "82"]
[EventDate "2019.11.20"]
[EventType "swiss"]
[EventCountry "TUR"]
[SourceTitle "playchess.com"]
[Source "ChessBase"]
[SourceQuality "1"]
[TimeControl "5400+30"]

1. d4 {[%emt 0:00:30]} Nf6 {[%emt 0:00:30]} 2. Bf4 {[%emt 0:00:00]} e6 {[%emt 0:06:30]} 3. e3 {[%emt 0:02:00]} b6 {[%emt 0:02:30]} 4. h3 {[%emt 0:07:30]} Bb7 {[%emt 0:00:30]} 5. Nf3 {[%emt 0:00:30]} d5 {[%emt 0:10:30]} 6. c4 {[%emt 0:01:30]} Bd6 {[%emt 0:02:30]} 7. Bxd6 {[%emt 0:15:30]} cxd6 {[%emt 0:02:30]} 8. cxd5 {[%emt 0:01:30]} Nxd5 {[%emt 0:03:30]} 9. Qa4+ {[%emt 0:24:30]} Nd7 {[%emt 0:10:30]} 10. Nbd2 {[%emt 0:01:30]} O-O {[%emt 0:01:30]} 11. Nc4 {[%emt 0:02:30]} N7f6 {[%emt 0:02:30]} 12. Bd3 {[%emt 0:02:30]} a5 {[%emt 0:09:30]} 13. Na3 {[%emt 0:11:30]} Nb4 {[%emt 0:11:30]} 14. Be2 {[%emt 0:02:30]} Bc6 {[%emt 0:00:00]} 15. Nb5 {[%emt 0:01:30]} Qd7 {[%emt 0:00:00]} 16. O-O {[%emt 0:01:30]} Nfd5 {[%emt 0:06:30]} 17. a3 {[%emt 0:03:52]} Nc7 {[%emt 0:02:30]} 18. axb4 {[%emt 0:00:36]} Nxb5 {[%emt 0:00:30]} 19. Qb3 {[%emt 0:02:23]} a4 {[%emt 0:00:30]} 20. Qd3 {[%emt 0:02:11]} Na7 {[%emt 0:02:30]} 21. e4 {[%emt 0:06:24]} Bb5 {[%emt 0:01:30]} 22. Qd2 {[%emt 0:00:33]} Rfc8 {[%emt 0:00:30]} 23. e5 {[%emt 0:02:08]} d5 {[%emt 0:00:30]} 24. Bxb5 {[%emt 0:01:22]} Qxb5 {[%emt 0:00:30]} 25. Qf4 {[%emt 0:00:41]} Nc6 {[%emt 0:03:01]} 26. Ng5 {[%emt 0:03:16]} Nd8 {[%emt 0:00:09]} 27. Ra3 {[%emt 0:00:13]} h6 {[%emt 0:04:12]} 28. Nf3 {[%emt 0:00:20]} Qxb4 {[%emt 0:01:14]} 29. Nh2 {[%emt 0:00:01]} Qe7 {[%emt 0:00:34]} 30. Rg3 {[%emt 0:00:31]} Kf8 {[%emt 0:00:38]} 31. Qg4 {[%emt 0:00:22]} g6 {[%emt 0:02:28]} 32. Qf4 {[%emt 0:01:18]} Kg7 {[%emt 0:03:06]} 33. Ng4 {[%emt 0:00:27]} Qh4 {[%emt 0:00:18]} 34. Qe3 {[%emt 0:00:45]} Rc4 {[%emt 0:01:54]} 35. Rf3 {[%emt 0:01:12]} Qg5 {[%emt 0:01:07]} 36. Qe2 {[%emt 0:01:05]} Nc6 {[%emt 0:00:54]} 37. h4 {[%emt 0:00:42]} Nxd4 {[%emt 0:02:21]} 38. Rxf7+ {[%emt 0:00:47]} Kxf7 {[%emt 0:00:10]} 39. Qxc4 {[%emt 0:00:05]} Qxg4 {[%emt 0:00:01]} 40. Qc7+ {[%emt 0:00:33]} Kg8 {[%emt 0:00:05]} 41. g3 {[%emt 0:00:59]} Qh3 {[%emt 0:00:30]} 0-1